000 00314nam a2200121Ia 4500
008 240731s9999 xx 000 0 und d
022 _a1549-6295
245 4 _aThe Journal for Specialists in Group Work
260 _bRoutledge
856 _uhttps://www.tandfonline.com/loi/usgw20
942 _2ddc
942 _cTFEJ
999 _c79961
_d79961
945 _a1
_bMadushi Gamage
_c1
_dMadushi Gamage